| 000 | 00645nam a2200181 i 4500 | ||
|---|---|---|---|
| 001 | 57526 | ||
| 003 | ES-MaACL | ||
| 005 | 20251115063235.0 | ||
| 007 | t| | ||
| 008 | 031016s1979 sp ||||1| spa d | ||
| 100 | 1 |
_aDomínguez, Javier, _d1929- _9152738 |
|
| 245 | 1 | 3 |
_aLa Iglesia y el cambio sociopolítico _b: perpectivas para una práxis en la realidad canaria / _cJ. Domínguez. |
| 260 |
_aLas Palmas : _bCentro de Estudios Superiores de Teología, _c1979. |
||
| 300 |
_a216 p. : _bil. ; _c22 cm. |
||
| 710 | 2 |
_aCentro de Estudios Superiores de Teología _92677 |
|
| 852 |
_aES-MaACL _jA-10150 _bR.99108 |
||
| 999 |
_c57526 _d57526 |
||